00416nam a2200157Ia 450000500170000000800410001704000190005804100120007708200160008924500540010526000320015930000120019144000280020370000170023185000100024820230121093504.0131103s9999 xx 000 0 und d aLoreto College aEnglish a824.08bWIL 2aA book of english essaycselected by W.E.Williams aLondonbPenguin Booksc1980 a384 p.  aPenguin Engish Literary aWilliam,W.E. aLCLIB